000 01435nam a2200169Ia 4500
005 20250714155851.0
008 250714s9999 xx 000 0 und d
020 _a0521470307
082 _a931
_bLOE
100 _aLoewe, Michael
245 4 _aThe Cambridge History of Ancient China
260 _bCambridge University Press
_c1999
300 _a1192 pages
500 _aThe Cambridge History of Ancient China provides a survey of the cultural history of pre-imperial China. Fourteen leading specialists on early Chinese history and archaeology cover more than one thousand years. There are two chapters for each time-period - Shang, Western Zhou, Spring and Autumn, and Warring States: one on institutional history, based on both traditional and palaeographic literature, and one on material culture, based on archaeological evidence. There are also chapters on the Neolithic background, language, intellectual history, relations with Central Asia, and the debts of both the Qin and Han empires to these earlier time-periods. Although written by specialists, this Cambridge history aims to explain and describe pre-imperial China to an audience that will include scholars and students, as well as general readers without specialized knowledge of Chinese history. It can be consulted as a work of reference, or read continuously, alone or as part of The Cambridge History of China series.
650 _aHistory
942 _cENGLISH
999 _c575802
_d575802